Southville International School and Colleges
Your cart is empty.
  • Cart
  • Lists
    Public lists Eva Luna New books Lux_list list_1
    Your lists Log in to create your own lists
  • Log in to your account
  • Your cookies
  • Search history
Southville International School and Colleges
  • Advanced search
  • Recent comments
  • Most popular
  • Libraries

Log in to your account

Log in with GOOGLE


If you do not have an external account, but do have a local account, you can still log in:

  1. Home
  2. MARC view: Catherine and the lion /
Normal view MARC view ISBD view

Catherine and the lion / (Record no. 103867)

[ view plain ]
MARC details
000 -LEADER
fixed length control field 00642nam a2200181 a 4500
005 - DATE AND TIME OF LATEST TRANSACTION
control field 20140412111309.0
008 - FIXED-LENGTH DATA ELEMENTS--GENERAL INFORMATION
fixed length control field 010710s19uu xx 00 eng d
020 ## - INTERNATIONAL STANDARD BOOK NUMBER
International Standard Book Number 0-00-664595-X
050 ## - LIBRARY OF CONGRESS CALL NUMBER
Classification number ER
Item number Ca28 1996
100 ## - MAIN ENTRY--PERSONAL NAME
Personal name Jarrett, Clare
245 ## - TITLE STATEMENT
Title Catherine and the lion /
Statement of responsibility, etc Clare Jarrett.
260 ## - PUBLICATION, DISTRIBUTION, ETC. (IMPRINT)
Place of publication, distribution, etc London :
Name of publisher, distributor, etc Picture Lions,
Date of publication, distribution, etc 1996.
300 ## - PHYSICAL DESCRIPTION
Extent 1v. (unp.) ; ill.
520 ## - SUMMARY, ETC.
Summary, etc One morning Catherine wakes up to find a warm and friendly Lion in her bedroom. Catherine and the Lion go everywhere together and are soon the very best of friends.
650 ## - SUBJECT ADDED ENTRY--TOPICAL TERM
Topical term or geographic name as entry element Friendship--Fiction
650 ## - SUBJECT ADDED ENTRY--TOPICAL TERM
Topical term or geographic name as entry element Children stories
Holdings
Withdrawn status Lost status Damaged status Use restrictions Home library Current library Shelving location Date acquired Source of acquisition Cost, normal purchase price Total Checkouts Full call number Barcode Date last seen Price effective from Koha item type
        Elizalde Library Elizalde Library Easy Reading Section 07/10/2001   145.75   ER Ca28 1996 E6034 04/12/2014 04/12/2014 Books

Catherine and the lion /

APA

Jarrett C., . (1996). Catherine and the lion. London: Picture Lions.

Chicago

Jarrett Clare, . 1996. Catherine and the lion. London: Picture Lions.

Harvard

Jarrett C., . (1996). Catherine and the lion. London: Picture Lions.

MLA

Jarrett Clare, . Catherine and the lion. London: Picture Lions. 1996.

  • Place hold
  • Print
  • Cite
  • Add to your cart (remove)
  • Save record
    BIBTEX Dublin Core MARCXML MARC (non-Unicode/MARC-8) MARC (Unicode/UTF-8) MARC (Unicode/UTF-8, Standard) MODS (XML) RIS
  • More searches
    Search for this title in:
    Other Libraries (WorldCat) Other Databases (Google Scholar) Online Stores (Bookfinder.com) Open Library (openlibrary.org)

Exporting to Dublin Core...

SOUTHVILLE LIBRARY

Southville International School and Colleges Library

1281 Tropical Ave. Cor. Luxembourg St., BF Homes International, Las Pinas City

Tel. No. 8256374 / 252358 Loc. 117/146

Powered by Koha